000 01438nam a2200241Ii 4500
003 JO-AjNU
005 20240630094844.0
008 230605s9999||||xx |||||||||||||| ||und||
040 _aJO-AjNU
_bara
_erda
_cJO-AjNU
041 _aara
050 1 4 _aLB164602012
100 1 _aالحسبان، منال عبد ربه السعد
_eمعد
_965893
245 0 0 _aاثر تطوير مهارات الاتصال الرياضي في تنمية التفكير الرياضي والتحصيل في الرياضيات لدى طالبات الصف العاشر الاساسي=The Effect of Developing Mathematical Communication Skills on Enhancing the Mathematical thinking and Mathematics Achievement of Tenth Grade Students /
_cاعداد منال عبد ربه السعد الحسبان؛ اشراف خميس موسى نجم
264 3 1 _a جامعة ال البيت: كلية العلوم التربوية،2012
300 _a75 ورقة
336 _atext
_btxt
_2rdacontent
337 _aunmediated
_bn
_2rdamedia
338 _avolume
_bnc
_2rdacarrier
500 _aرسالة جامعية( ماجستير في مناهج الرياضيات واساليب التدريس)--جامعة ال البيت، كلية العلوم التربوية(المفرق)، 2012، يشتمل على جداول توضيحية
650 4 _aالرياضيات - تعليم
_957590
700 1 _aنجم، خميس موسى
_eمشرف
_965895
942 _2lcc
_cTHS
999 _c29385
_d29385